000 00331 a2200157 4500
001 74853
020 _a978857503691-4
040 _cAnchieta - Colégio São Paulo
100 _aBloch, Serge
240 1 0 _aO inimigo
_lpor
245 1 0 _aO inimigo
300 _a64
362 0 _a2008
650 4 _aLiteratura juvenil
942 _cBK
999 _c74853
_d74853